000 00656nam a2200241#a 4500
001 01909
003 HDC
007 ta
008 230623s2010 xx 000 0 eng d
020 _a1985-7659 (pbk.).
040 _aHDC
050 _aS493
_b.A47 2010
110 _aMalaysia.
_b Kementerian Pertanian dan Industri Asas Tani
245 0 _aAgro Malaysia :
_bpertanian adalah perniagaan
250 _aEdisi ke-2
264 _aKuala Lumpur :
_bAgro Publication,
_c2010
300 _avarious paging :
_b col,ill. ;
_c 29cm
650 _aAgriculture
_zMalaysia
_vPeriodicals.
942 _2lcc
942 _cBK
942 _kS493
942 _m.A47 2010
999 _c23470
_d23470